000
00285nam a22001337a 4500
003
SGT
082
_a
616.80475
_b
N2000P
100
_a
PATTEN,JOHN
245
_a
NEUROLOGICAL DIFFERENTIAL DIAGNOSIS
250
_a
2ND
260
_a
UK
_b
SPRINGER
_c
2000
300
_a
449
942
_2
ddc
_c
BK
999
_c
14185
_d
14185